000 00608nam a2200217Ia 4500
008 220216s9999 xx 000 0 und d
100 _aBesse P
245 0 _aGenetic diversity among wild and cultivated propulations of Hevea brasiliensis assessed by nuclear RFLP analysis
260 _bTheoretical and Applied Genetics
_c1994
300 _a199-207
650 _aGenetic diversity
650 _aHevea RFLP
650 _aIsozymes
650 _aNuclear probes
700 _aChevallier M H
700 _aLanaud C
700 _aLebrun P
700 _aNicolas D
700 _aSeguin M
942 _cJS
999 _c59802
_d59802